000 01025nam a2200301 i 4500
003 EG-GICUC
005 20260409210209.0
008 260409s1963 fr |||fr|||| 00| 0 fre d
040 _aEG-GiCUC
_bfre
_cEG-GiCUC
_dEG-GiCUC
_eRda
082 0 4 _221
_a343.3917
_bBR . P
092 0 4 _221
099 _aLaw1 10 343.3917 BR . P 1963
100 1 _aBrubl, Henri Lévy
_eAuteur
245 1 3 _aLa Preuve Judiciaire :
_bEtude De Sociologie Juridique /
_cHenri Lévy Brubl.
264 1 _aParis :
_bLibrairie Marcel Rivière et Cie,
_c1963.
264 3 _aFrance
300 _a156 page ;
_billustration ;
_c 24 cm.
336 _2rda contenu
_a texte
337 _2rda medias
_aOrdinateur
338 _2 transporteur rda
_a Ressource en ligne
490 _aPetite Bibliothèque Sociologique Internationale
650 1 _aTypes De Preuves Médico-légales
_2qrmak
650 1 _aDroit De Panél
_2qrmak
651 1 _2qrmak
856 4 0 _uhttps://fll.law.cu.edu.eg/fulltext/bks/B10-08613.pdf
905 _a54
942 _2ddc
_cBK
_e21
_n0
999 _c69913
_d69913